000
00354nam a2200145Ia 4500
008
151213s9999 xx 000 0 und d
100
_a
P.S.Sastri
245
_a
Waden & Civil Disobedience
_c
P.S.Sastri
260
_a
India
_b
Lakshmi Narain Agarwal
300
_a
7334 p.
650
_a
English
650
_a
English
700
_a
P.S.Sastri
999
_c
3899
_d
3899